书目信息 |
| 题名: |
电子设备及系统人机工程设计
|
|
| 作者: | 童时中 , 童和钦 编著 | |
| 分册: | ||
| 出版信息: | 北京 电子工业出版社 2022 |
|
| 页数: | 20,408页 | |
| 开本: | 26cm | |
| 丛书名: | 现代电子机械工程丛书 | |
| 单 册: | ||
| 中图分类: | TN02 | |
| 科图分类: | ||
| 主题词: | 人-机系统--应用--电子设备--设计 | |
| 电子资源: | ||
| ISBN: | 978-7-121-42658-2 | |
| 000 | 01020oam2 2200277 450 | |
| 001 | 2268143044 | |
| 005 | 20221012185639.81 | |
| 010 | @a978-7-121-42658-2@dCNY118.00 | |
| 100 | @a20220404d2022 em y0chiy50 ea | |
| 101 | 0 | @achi |
| 102 | @aCN@b110000 | |
| 105 | @aa z 000yy | |
| 200 | 1 | @a电子设备及系统人机工程设计@9dian zi she bei ji xi tong ren ji gong cheng she ji@f童时中,童和钦编著 |
| 205 | @a2版 | |
| 210 | @a北京@c电子工业出版社@d2022 | |
| 215 | @a20,408页@c图@d26cm | |
| 225 | 1 | @a现代电子机械工程丛书 |
| 300 | @a工信学术出版基金 | |
| 330 | @a本书内容涵盖了人的生理、心理特点,显示、控制系统及其界面设计,控制室布局及作业空间设计,软件、通信系统、人机界面及通信网络的仿真设计,以及人机系统总体、人的可靠性和安全性设计等方面。 | |
| 461 | 0 | @12001 @a现代电子机械工程丛书 |
| 606 | 0 | @a人-机系统@x应用@x电子设备@x设计 |
| 690 | @aTN02@v5 | |
| 701 | 0 | @a童时中@9tong shi zhong@f(1937.7-)@4编著 |
| 701 | 0 | @a童和钦@9tong he qin@4编著 |
| 801 | 0 | @aCN@b91MARC@c20220425 |
| 905 | @aZUCC@dTN02@e1-2 | |
| 电子设备及系统人机工程设计/童时中,童和钦编著.-2版.-北京:电子工业出版社,2022 |
| 20,408页:图;26cm.-(现代电子机械工程丛书) |
| 工信学术出版基金 |
| ISBN 978-7-121-42658-2:CNY118.00 |
| 本书内容涵盖了人的生理、心理特点,显示、控制系统及其界面设计,控制室布局及作业空间设计,软件、通信系统、人机界面及通信网络的仿真设计,以及人机系统总体、人的可靠性和安全性设计等方面。 |
| ● |
| 相关链接 |
|
|
|
正题名:电子设备及系统人机工程设计
索取号:TN02/1-2
 
预约/预借
| 序号 | 登录号 | 条形码 | 馆藏地/架位号 | 状态 | 备注 |
| 1 | 2000913931 | 2000913931 | 第三书库/ [索取号:TN02/1-2] | 在馆 | |
| 2 | 2000913932 | 2000913932 | 第三书库/ [索取号:TN02/1-2] | 在馆 | |
| 3 | 2000913933 | 2000913933 | 第三书库/ [索取号:TN02/1-2] | 在馆 |